The Town and Country Planning (General Permitted Development) (Amendment) (England) Order 2006 (Record no. 105303)

MARC details
000 -LEADER
fixed length control field 01496cam a2200205 4500
001 - CONTROL NUMBER
control field ##L133000
008 - FIXED-LENGTH DATA ELEMENTS--GENERAL INFORMATION
fixed length control field 060403n2006 000 0 eng u
020 ## - INTERNATIONAL STANDARD BOOK NUMBER
International Standard Book Number 0110740114
035 ## - SYSTEM CONTROL NUMBER
System control number (Sirsi) u133000
041 0# - LANGUAGE CODE
Language code of text/sound track or separate title eng
245 04 - TITLE STATEMENT
Title The Town and Country Planning (General Permitted Development) (Amendment) (England) Order 2006
260 ## - PUBLICATION, DISTRIBUTION, ETC.
Place of publication, distribution, etc. London
Name of publisher, distributor, etc. TSO
Date of publication, distribution, etc. 2006
490 #0 - SERIES STATEMENT
Series statement SI
Volume/sequential designation 2006: 221
520 ## - SUMMARY, ETC.
Summary, etc. Amends the Town and Country Planning (General Permitted Development) Order 1995 Sched 2 Part III which confers permitted development rights in respect of certain changes of use. Article 2 of this Order amends Part III by giving casinos permitted development rights to change to use for assembly and leisure (Class D2) of the Town and Country Planning (Use Classes) Order 1987 without the need for planning permission. The latter has been amended by SI 2006: 220 (L132999), the effect of which is to remove use as a casino from D2 and to reclassify such use as being outside of any of the specified use classes, and therefore, in a class of its own.
650 24 - SUBJECT ADDED ENTRY--TOPICAL TERM
Topical term or geographic name entry element TOWN AND COUNTRY PLANNING (GENERAL PERMITTED DEVELOPMENT) ORDER 1995 SCHED 2 PART III
650 24 - SUBJECT ADDED ENTRY--TOPICAL TERM
Topical term or geographic name entry element TOWN AND COUNTRY PLANNING (GENERAL PERMITTED DEVELOPMENT) ORDER (AMENDMENT) (ENGLAND) ORDER 2006
690 ## - LOCAL SUBJECT ADDED ENTRY--TOPICAL TERM (OCLC, RLIN)
Topical term or geographic name as entry element ENVIRONMENTAL AND LAND CONSULTANCY-PLANNING AND DEVELOPMENT-DEVELOPMENT CONTROL
856 40 - ELECTRONIC LOCATION AND ACCESS
Uniform Resource Identifier <a href="https://www.opsi.gov.uk/si/si2006/20060221.htm">https://www.opsi.gov.uk/si/si2006/20060221.htm</a>
Public note View the Order free of charge at www.opsi.gov.uk...
942 ## - ADDED ENTRY ELEMENTS (KOHA)
Suppress in OPAC 0
Holdings
Withdrawn status Lost status Source of classification or shelving scheme Damaged status Not for loan Home library Current library Shelving location Date acquired Total Checkouts Full call number Barcode Date last seen Copy number Price effective from Koha item type
    Dewey Decimal Classification     Virtual Virtual Online 03/04/2006   ONLINE PUBLICATION 133000-2001 06/08/2019 1 06/08/2019 Book